Resultados de una encuesta de propietarios agrícolas en Palmira, Guanacaste /
Gespeichert in:
| 1. Verfasser: | |
|---|---|
| Weitere Verfasser: | |
| Format: | Text |
| Veröffentlicht: |
San José:
Casa Presidencial. Oficina de Información
|
| Tags: |
Tag hinzufügen
Keine Tags, Fügen Sie den ersten Tag hinzu!
|
MARC
| LEADER | 00000 a a2200000 04500 | ||
|---|---|---|---|
| 001 | 15353 | ||
| 003 | |||
| 040 | |||
| 090 | |a 024000 | ||
| 100 | |a Gómez Barrantes, Miguel | ||
| 245 | |a Resultados de una encuesta de propietarios agrícolas en Palmira, Guanacaste / |c Miguel Gómez Barrantes | ||
| 260 | |a San José: |b Casa Presidencial. Oficina de Información | ||
| 300 | |a 52 p. | ||
| 700 | |a Rodríguez M, Jorge A. | ||
| 999 | |c 15228 |d 15228 | ||
